| 000 | 00906nam a2200217 4500 | ||
|---|---|---|---|
| 005 | 20150514111148.0 | ||
| 007 | 000 | ||
| 008 | 000 | ||
| 020 | _a0913235776 | ||
| 040 | _aUOEL | ||
| 050 |
_aSH327.7 _b.S7 1992 |
||
| 111 |
_aDealing with Development in the Watershed _cHeld in Newport, Rhode Island, USA _dNovember 12-15, 1991 |
||
| 245 |
_aFisheries Management and Watershed Development ; _cedited [by] Richard H. Stroud |
||
| 260 |
_aMaryland ; _bAmerican Fisheries Society , _cc1992. |
||
| 300 |
_axi,282 p, : _bill. maps. |
||
| 440 | _aAmerican Fisheries Society Sypmosium 13 | ||
| 500 | _aIncludes bibliographical references Proceedings of the symposium fisheries management: Dealing with Development in the watershed .Held in Newport, Rhode Island ,USA November 12-15, 1991 | ||
| 650 |
_aFisheries Management and Watershed Development _xFisheries |
||
| 700 | _aStroud, Richard H. | ||
| 942 |
_2lcc _cLL |
||
| 999 |
_c7549 _d7549 |
||